| 000 | 00352nam a2200133Ia 4500 | ||
|---|---|---|---|
| 008 | 240624s9999 xx 000 0 und d | ||
| 041 | _aeng | ||
| 082 | _a302.35 BHA | ||
| 100 | _aBHAGAT RABI S | ||
| 245 | _aCAMBRIDGE HANDBOOK OF CULTURE ORGANIZATI | ||
| 260 |
_c2011 _aNew Delhi _bCambridge |
||
| 300 | _axxii, : 537 : p. : cm. ; 24 | ||
| 365 |
_cRS _b32 |
||
| 999 |
_c18829 _d18829 |
||